000 00365nam a22001457a 4500
999 _c166515
_d166515
082 _a
_b
100 _aDilip C Chakrabarti
245 _aIndia an archaeological history palaelithic beginnings to early historic foundation/
_cby Dilip C Chakrabarti.
260 _a
_bOxford,
_c
300 _a2011.
600 _a
650 _a
700 _a
942 _cBK